000 00426nam a2200169Ia 4500
005 20250508151707.0
008 008 250505s9999 xx 000 0 eng d
037 _aTextual
040 _aFEDL
_beng
_cFEDL
041 _aeng
_2eng
084 _a291.1, GOL
_qFEDL
100 _aGollancz Victor
_948710
245 0 _aYear of grace
300 _a576p.
942 _cTEXL
_h291.1, GOL
999 _c1331474
_d1331474